| 000 | 00530nam a2200181Ia 4500 | ||
|---|---|---|---|
| 008 | 140529s9999 xx 000 0 und d | ||
| 020 | _a9781118092309 | ||
| 050 |
_aT 58.5 _b.R35 2013 |
||
| 100 | _aRainer, R. Kelly. | ||
| 245 |
_aIntroduction to information systems / _cR. Kelly Rainer Jr. and Casey G. Cegielski |
||
| 250 | _a4th ed. | ||
| 260 |
_aSingapore : _bJohn Wiley & Sons, _cc2013. |
||
| 300 |
_a466 p. : _bcol. ill. ; _c26 cm. |
||
| 500 | _aIncludes index. | ||
| 521 | _aIT | ||
| 942 |
_kFOR _cBK |
||
| 999 |
_c117871 _d117871 |
||